书目信息 |
| 题名: |
音乐文学概论
|
|
| 作者: | 庄捃华 著 | |
| 分册: | ||
| 出版信息: | 北京 人民音乐出版社 2006 |
|
| 页数: | 184页 | |
| 开本: | 21cm | |
| 丛书名: | ||
| 单 册: | ||
| 中图分类: | J614.9 | |
| 科图分类: | ||
| 主题词: | 音乐文学--研究 , 音乐文学 | |
| 电子资源: | ||
| ISBN: | 7-103-03209-2 | |
| 000 | 00774nam0 2200241 450 | |
| 001 | 010090005221 | |
| 005 | 20070806175928.09 | |
| 010 | @a7-103-03209-2@dCNY20.00 | |
| 100 | @a20070607d2006 em y0chiy0110 ea | |
| 101 | 0 | @achi |
| 102 | @aCN@b110000 | |
| 105 | @afgk z 000yy | |
| 200 | 1 | @a音乐文学概论@9yin yue wen xue gai lun@f庄捃华著 |
| 210 | @a北京@c人民音乐出版社@d2006 | |
| 215 | @a184页@c照片@d21cm | |
| 300 | @a中国音乐学院资助出版 | |
| 330 | @a本书是一本为音乐文学专业学生准备的讲义,为音乐文学课程教材,对象是音乐文学系和作曲系的学生。全书分为两篇,上篇为歌词,下篇为歌剧。 | |
| 606 | 0 | @a音乐文学@x研究 |
| 606 | 0 | @a音乐文学 |
| 690 | @aJ614.9@v4 | |
| 701 | 0 | @a庄捃华@9zhuang jun hua@4著 |
| 801 | 0 | @aCN@bRENTIAN@c20070806 |
| 905 | @a10447@dJ614.9@e539 | |
| 音乐文学概论/庄捃华著.-北京:人民音乐出版社,2006 |
| 184页:照片;21cm |
| 中国音乐学院资助出版 |
| ISBN 7-103-03209-2:CNY20.00 |
| 本书是一本为音乐文学专业学生准备的讲义,为音乐文学课程教材,对象是音乐文学系和作曲系的学生。全书分为两篇,上篇为歌词,下篇为歌剧。 |
| ● |
| 相关链接 |
|
|
|
|
正题名:音乐文学概论
索取号:J614.9/539
 
预约/预借
| 序号 | 登录号 | 条形码 | 馆藏地/架位号 | 状态 | 备注 |
| 1 | 0804586 | 208045863 | 第一样本阅览室/ [索取号:J614.9/539] | 在馆 | |
| 2 | 0804587 | 208045872 | 第一借阅区/ [索取号:J614.9/539] | 在馆 | |
| 3 | 0804588 | 208045881 | 第一借阅区/ [索取号:J614.9/539] | 在馆 | |
| 4 | 0804589 | 208045890 | 音乐系资料室/ [索取号:J614.9/539] | 在馆 |